Lars Bolander's Scandinavian design / (Record no. 18477)

000 -LEADER
fixed length control field 01497cam a2200349 a 4500
001 - CONTROL NUMBER
control field 16011270
005 - DATE AND TIME OF LATEST TRANSACTION
control field 20161220155925.0
008 - FIXED-LENGTH DATA ELEMENTS--GENERAL INFORMATION
fixed length control field 091207s2010 nyua 001 0 eng
010 ## - LIBRARY OF CONGRESS CONTROL NUMBER
LC control number 2009051241
020 ## - INTERNATIONAL STANDARD BOOK NUMBER
International Standard Book Number 9780865652583
020 ## - INTERNATIONAL STANDARD BOOK NUMBER
International Standard Book Number 0865652589
040 ## - CATALOGING SOURCE
Original cataloging agency DLC
Transcribing agency DLC
Modifying agency DLC
042 ## - AUTHENTICATION CODE
Authentication code pcc
043 ## - GEOGRAPHIC AREA CODE
Geographic area code ev-----
050 00 - LIBRARY OF CONGRESS CALL NUMBER
Classification number NK1457
Item number .M33 2010
100 1# - MAIN ENTRY--PERSONAL NAME
Personal name MacIsaac, Heather Smith.
245 10 - TITLE STATEMENT
Title Lars Bolander's Scandinavian design /
Statement of responsibility, etc. Heather Smith MacIsaac.
246 30 - VARYING FORM OF TITLE
Title proper/short title Scandinavian design
260 ## - PUBLICATION, DISTRIBUTION, ETC. (IMPRINT)
Place of publication, distribution, etc. New York :
Name of publisher, distributor, etc. Vendome Press,
Date of publication, distribution, etc. 2010.
300 ## - PHYSICAL DESCRIPTION
Extent 191 p. :
Other physical details col. ill. ;
Dimensions 29 cm.
500 ## - GENERAL NOTE
General note Includes index.
505 0# - FORMATTED CONTENTS NOTE
Formatted contents note Exteriors -- Entrances and staircases -- Living rooms -- Dining rooms -- Kitchens -- Bathrooms -- Bedrooms.
650 #0 - SUBJECT ADDED ENTRY--TOPICAL TERM
Topical term or geographic name as entry element Design
Geographic subdivision Scandinavia.
650 #0 - SUBJECT ADDED ENTRY--TOPICAL TERM
Topical term or geographic name as entry element Interior decoration
Geographic subdivision Scandinavia.
700 1# - ADDED ENTRY--PERSONAL NAME
Personal name Bolander, Lars.
942 ## - ADDED ENTRY ELEMENTS (KOHA)
Source of classification or shelving scheme
Koha item type Hard Covered Materials
Classification part NK1457 .M33 2010
Holdings
Withdrawn status Lost status Source of classification or shelving scheme Damaged status Not for loan Home library Current library Shelving location Date acquired Source of acquisition Total Checkouts Full call number Barcode Date last seen Price effective from Koha item type
          MACHAKOS UNIVERSITY LIBRARY MACHAKOS UNIVERSITY LIBRARY Technical section 20/12/2016 Donation(B.F.A)   NK1457 .M33 2010 28746 04/07/2018 20/12/2016 Hard Covered Materials
© Machakos University Library, Along The Highway, Machakos Wote Rd, Machakos, Kenya P.O. Box 136 - 90100 Machakos - Kenya

Tel: ( +254 ) 723 805829 OR Fax : 044-20353 OR Email: library@mksu.ac.ke